Statistics for World's largest tram systems

Click here to take the quiz!

General Stats

  • This quiz has been taken 32 times
    (17 since last reset)
  • The average score is 10 of 21

Answer Stats

AnswerLength(km)% Correct
Moscow 208
94%
Vienna 177
82%
Berlin 193.6
76%
Saint Petersburg 205.5
76%
Melbourne 250
65%
Warsaw 131.5
65%
Brussels 147.1
53%
Budapest 156.85
53%
Cologne 198
53%
Prague 142.4
53%
Stuttgart 131
53%
Bucharest 139
41%
Milan 180.2
41%
Sofia 154
41%
Zürich 122.7
41%
Dresden 134.3
35%
Leipzig 146
35%
The Hague117
35%
Los Angeles 158.5
24%
Hanover 127
18%
Silesia/Katowice178
12%

Score Distribution

Percentile by Number Answered

Percent of People with Each Score

Your Score History

You have not taken this quiz since the last reset